[Event "DVM U20 2023"]
[Site "Magdeburg GER"]
[Date "2023.12.29"]
[Round "6"]
[White "Frank, Marek"]
[Black "Elstner, Florian"]
[Result "1-0"]
[Termination "normal"]
[Board "3.3"]
[WhiteElo "1596"]
[BlackElo "1815"]
[WhiteClock "00:04:58"]
[BlackClock "00:01:23"]
[WhiteTeam "ESV Gera"]
[BlackTeam "SK König Plauen"]
[PlyCount "75"]
[WhiteFideId "16239520"]
[BlackFideId "16247264"]
[EventCountry "GER"]
[EventRounds "7"]
[EventType "team-swiss"]
[EventDate "2023.12.26"]

1. e4 {[%clk 01:30:57]} {[%emt 00:00:02]} c5 {[%clk 01:30:56]} {[%emt
00:00:05]} 2. Nf3 {[%clk 01:31:23]} {[%emt 00:00:03]} Nc6 {[%clk 01:31:21]}
{[%emt 00:00:04]} 3. d4 {[%clk 01:31:28]} {[%emt 00:00:26]} cxd4 {[%clk
01:31:45]} {[%emt 00:00:06]} 4. Nxd4 {[%clk 01:31:52]} {[%emt 00:00:06]} Nf6
{[%clk 01:32:11]} {[%emt 00:00:04]} 5. Nc3 {[%clk 01:32:10]} {[%emt 00:00:12]}
d6 {[%clk 01:32:34]} {[%emt 00:00:07]} 6. Bg5 {[%clk 01:31:23]} {[%emt
00:01:16]} Qb6 {[%clk 01:32:33]} {[%emt 00:00:31]} 7. Nb3 {[%clk 01:30:02]}
{[%emt 00:01:53]} e6 {[%clk 01:32:50]} {[%emt 00:00:12]} 8. Bf4 {[%clk
01:29:10]} {[%emt 00:01:23]} Qd8 {[%clk 01:27:36]} {[%emt 00:05:43]} 9. Qd2
{[%clk 01:27:45]} {[%emt 00:01:55]} Be7 {[%clk 01:27:07]} {[%emt 00:00:59]} 10.
O-O-O {[%clk 01:26:52]} {[%emt 00:01:23]} e5 {[%clk 01:25:29]} {[%emt
00:02:08]} 11. Bg5 {[%clk 01:25:00]} {[%emt 00:02:21]} Be6 {[%clk 01:21:33]}
{[%emt 00:04:28]} 12. Bxf6 {[%clk 01:19:26]} {[%emt 00:06:04]} Bxf6 {[%clk
01:16:20]} {[%emt 00:05:42]} 13. Qxd6 {[%clk 01:17:58]} {[%emt 00:01:58]} Qxd6
{[%clk 01:15:40]} {[%emt 00:01:09]} 14. Rxd6 {[%clk 01:17:59]} {[%emt
00:00:30]} Be7 {[%clk 01:13:51]} {[%emt 00:02:19]} 15. Rd1 {[%clk 01:18:04]}
{[%emt 00:00:26]} O-O {[%clk 01:09:50]} {[%emt 00:04:31]} 16. Nd5 {[%clk
01:11:56]} {[%emt 00:06:39]} Bg5+ {[%clk 01:07:30]} {[%emt 00:02:48]} 17. Kb1
{[%clk 01:11:55]} {[%emt 00:00:33]} Rad8 {[%clk 00:58:41]} {[%emt 00:09:18]}
18. Be2 {[%clk 00:59:00]} {[%emt 00:13:24]} b6 {[%clk 00:49:16]} {[%emt
00:09:55]} 19. h4 {[%clk 00:45:07]} {[%emt 00:14:23]} Bh6 {[%clk 00:40:23]}
{[%emt 00:09:22]} 20. Bb5 {[%clk 00:40:11]} {[%emt 00:05:29]} Nb8 {[%clk
00:35:29]} {[%emt 00:05:23]} 21. a4 {[%clk 00:36:57]} {[%emt 00:03:44]} g6
{[%clk 00:29:38]} {[%emt 00:06:21]} 22. g4 {[%clk 00:32:11]} {[%emt 00:05:16]}
f5 {[%clk 00:17:19]} {[%emt 00:12:49]} 23. gxf5 {[%clk 00:27:45]} {[%emt
00:04:57]} Bxd5 {[%clk 00:14:08]} {[%emt 00:03:42]} 24. Rxd5 {[%clk 00:26:11]}
{[%emt 00:02:03]} Rxd5 {[%clk 00:13:43]} {[%emt 00:00:55]} 25. Bc4 {[%clk
00:25:37]} {[%emt 00:01:05]} gxf5 {[%clk 00:12:58]} {[%emt 00:01:14]} 26. Bxd5+
{[%clk 00:24:48]} {[%emt 00:01:19]} Kg7 {[%clk 00:10:33]} {[%emt 00:02:54]} 27.
f3 {[%clk 00:17:42]} {[%emt 00:07:35]} Be3 {[%clk 00:08:46]} {[%emt 00:02:18]}
28. Nc1 {[%clk 00:15:05]} {[%emt 00:03:08]} Nd7 {[%clk 00:07:16]} {[%emt
00:02:00]} 29. Be6 {[%clk 00:12:25]} {[%emt 00:03:08]} Nc5 {[%clk 00:04:28]}
{[%emt 00:03:19]} 30. Bxf5 {[%clk 00:12:27]} {[%emt 00:00:29]} Nxa4 {[%clk
00:03:57]} {[%emt 00:01:00]} 31. Nd3 {[%clk 00:10:16]} {[%emt 00:02:40]} Bf4
{[%clk 00:03:05]} {[%emt 00:01:21]} 32. Rg1+ {[%clk 00:09:24]} {[%emt
00:01:23]} Kf6 {[%clk 00:03:12]} {[%emt 00:00:23]} 33. Nb4 {[%clk 00:07:33]}
{[%emt 00:02:22]} Rd8 {[%clk 00:01:53]} {[%emt 00:01:48]} 34. Bxh7 {[%clk
00:06:50]} {[%emt 00:01:13]} Rh8 {[%clk 00:01:39]} {[%emt 00:00:44]} 35. Nd5+
{[%clk 00:06:59]} {[%emt 00:00:21]} Ke6 {[%clk 00:01:34]} {[%emt 00:00:34]} 36.
Bf5+ {[%clk 00:06:10]} {[%emt 00:01:20]} Kd6 {[%clk 00:01:47]} {[%emt
00:00:17]} 37. b4 {[%clk 00:05:36]} {[%emt 00:01:03]} Kc6 {[%clk 00:01:23]}
{[%emt 00:00:55]} 38. Rg7 {[%clk 00:04:58]} {[%emt 00:01:08]} 1-0

[Event "DVM U20 2023"]
[Site "Magdeburg GER"]
[Date "2023.12.29"]
[Round "6"]
[White "Melitzki, Richard"]
[Black "Hanmuradov, Ülwi"]
[Result "1-0"]
[Termination "normal"]
[Board "3.4"]
[WhiteElo "1819"]
[BlackElo "1867"]
[WhiteClock "00:30:16"]
[BlackClock "00:06:52"]
[WhiteTeam "SK König Plauen"]
[BlackTeam "ESV Gera"]
[PlyCount "67"]
[WhiteFideId "16223420"]
[BlackFideId "34658840"]
[EventCountry "GER"]
[EventRounds "7"]
[EventType "team-swiss"]
[EventDate "2023.12.26"]

1. e4 {[%clk 01:30:58]} {[%emt 00:00:02]} c5 {[%clk 01:30:41]} {[%emt
00:00:19]} 2. Nf3 {[%clk 01:31:21]} {[%emt 00:00:07]} Nc6 {[%clk 01:31:05]}
{[%emt 00:00:06]} 3. d4 {[%clk 01:31:30]} {[%emt 00:00:21]} cxd4 {[%clk
01:31:30]} {[%emt 00:00:05]} 4. Nxd4 {[%clk 01:31:51]} {[%emt 00:00:09]} Nf6
{[%clk 01:31:53]} {[%emt 00:00:07]} 5. Nc3 {[%clk 01:32:16]} {[%emt 00:00:06]}
e5 {[%clk 01:32:17]} {[%emt 00:00:06]} 6. Ndb5 {[%clk 01:32:30]} {[%emt
00:00:15]} d6 {[%clk 01:32:41]} {[%emt 00:00:06]} 7. Bg5 {[%clk 01:31:56]}
{[%emt 00:01:04]} a6 {[%clk 01:32:59]} {[%emt 00:00:11]} 8. Na3 {[%clk
01:32:23]} {[%emt 00:00:04]} b5 {[%clk 01:33:24]} {[%emt 00:00:05]} 9. Nd5
{[%clk 01:32:37]} {[%emt 00:00:14]} Be7 {[%clk 01:33:43]} {[%emt 00:00:12]} 10.
Bxf6 {[%clk 01:32:44]} {[%emt 00:00:24]} Bxf6 {[%clk 01:34:08]} {[%emt
00:00:05]} 11. c4 {[%clk 01:32:33]} {[%emt 00:00:40]} b4 {[%clk 01:32:26]}
{[%emt 00:02:11]} 12. Nc2 {[%clk 01:32:49]} {[%emt 00:00:15]} a5 {[%clk
01:32:04]} {[%emt 00:00:52]} 13. g3 {[%clk 01:32:24]} {[%emt 00:00:56]} O-O
{[%clk 01:30:19]} {[%emt 00:02:15]} 14. h4 {[%clk 01:32:44]} {[%emt 00:00:10]}
g6 {[%clk 01:24:41]} {[%emt 00:06:08]} 15. Bh3 {[%clk 01:26:20]} {[%emt
00:06:55]} Bb7 {[%clk 01:16:36]} {[%emt 00:08:34]} 16. Qf3 {[%clk 01:21:37]}
{[%emt 00:05:12]} Bg7 {[%clk 01:13:20]} {[%emt 00:03:46]} 17. O-O-O {[%clk
01:19:25]} {[%emt 00:02:42]} Ne7 {[%clk 00:59:26]} {[%emt 00:14:24]} 18. Qe3
{[%clk 01:01:30]} {[%emt 00:18:27]} Bxd5 {[%clk 00:56:18]} {[%emt 00:03:37]}
19. cxd5 {[%clk 01:01:51]} {[%emt 00:00:08]} Qc7 {[%clk 00:55:07]} {[%emt
00:01:41]} 20. Kb1 {[%clk 01:02:03]} {[%emt 00:00:18]} f5 {[%clk 00:54:57]}
{[%emt 00:00:41]} 21. h5 {[%clk 01:01:16]} {[%emt 00:01:17]} Qa7 {[%clk
00:45:43]} {[%emt 00:09:45]} 22. hxg6 {[%clk 00:57:40]} {[%emt 00:04:06]} hxg6
{[%clk 00:42:42]} {[%emt 00:03:29]} 23. Qd2 {[%clk 00:56:06]} {[%emt 00:02:04]}
Rab8 {[%clk 00:35:35]} {[%emt 00:07:37]} 24. Ne3 {[%clk 00:55:24]} {[%emt
00:01:13]} a4 {[%clk 00:32:27]} {[%emt 00:03:37]} 25. Nc4 {[%clk 00:54:36]}
{[%emt 00:01:18]} Qa6 {[%clk 00:30:52]} {[%emt 00:02:05]} 26. Bf1 {[%clk
00:51:27]} {[%emt 00:03:40]} Qc8 {[%clk 00:24:02]} {[%emt 00:07:20]} 27. Nxd6
{[%clk 00:49:41]} {[%emt 00:02:16]} Qd7 {[%clk 00:24:05]} {[%emt 00:00:26]} 28.
Nc4 {[%clk 00:49:49]} {[%emt 00:00:22]} fxe4 {[%clk 00:22:09]} {[%emt
00:02:26]} 29. d6 {[%clk 00:47:22]} {[%emt 00:02:57]} Nf5 {[%clk 00:18:06]}
{[%emt 00:04:33]} 30. Ne3 {[%clk 00:34:21]} {[%emt 00:13:32]} Rfc8 {[%clk
00:08:17]} {[%emt 00:10:18]} 31. Nxf5 {[%clk 00:33:59]} {[%emt 00:00:53]} Qxf5
{[%clk 00:08:32]} {[%emt 00:00:15]} 32. Bh3 {[%clk 00:33:25]} {[%emt 00:01:05]}
Qf7 {[%clk 00:07:24]} {[%emt 00:01:36]} 33. d7 {[%clk 00:30:25]} {[%emt
00:03:32]} Rd8 {[%clk 00:06:52]} {[%emt 00:01:01]} 34. Qd6 {[%clk 00:30:16]}
{[%emt 00:00:39]} 1-0

[Event "DVM U20 2023"]
[Site "Magdeburg GER"]
[Date "2023.12.29"]
[Round "6"]
[White "Frank, Marian"]
[Black "Pivtorak, Illia"]
[Result "1-0"]
[Termination "normal"]
[Board "3.5"]
[WhiteElo "1503"]
[BlackElo "1684"]
[WhiteClock "00:01:51"]
[BlackClock "00:00:46"]
[WhiteTeam "ESV Gera"]
[BlackTeam "SK König Plauen"]
[PlyCount "73"]
[WhiteFideId "16245059"]
[BlackFideId "14194317"]
[EventCountry "GER"]
[EventRounds "7"]
[EventType "team-swiss"]
[EventDate "2023.12.26"]

1. d4 {[%clk 01:30:57]} {[%emt 00:00:03]} Nf6 {[%clk 01:30:41]} {[%emt
00:00:19]} 2. c4 {[%clk 01:31:17]} {[%emt 00:00:10]} g6 {[%clk 01:31:03]}
{[%emt 00:00:07]} 3. h4 {[%clk 01:31:17]} {[%emt 00:00:31]} Bg7 {[%clk
01:30:51]} {[%emt 00:00:41]} 4. Nc3 {[%clk 01:30:58]} {[%emt 00:00:50]} d6
{[%clk 01:28:34]} {[%emt 00:02:45]} 5. e4 {[%clk 01:30:53]} {[%emt 00:00:35]}
O-O {[%clk 01:27:51]} {[%emt 00:01:13]} 6. Be2 {[%clk 01:30:47]} {[%emt
00:00:35]} c5 {[%clk 01:25:05]} {[%emt 00:03:16]} 7. d5 {[%clk 01:31:04]}
{[%emt 00:00:14]} Re8 {[%clk 01:08:24]} {[%emt 00:17:12]} 8. h5 {[%clk
01:30:47]} {[%emt 00:00:46]} e6 {[%clk 00:59:56]} {[%emt 00:08:59]} 9. hxg6
{[%clk 01:30:47]} {[%emt 00:00:29]} hxg6 {[%clk 00:57:02]} {[%emt 00:03:24]}
10. Bg5 {[%clk 01:25:25]} {[%emt 00:05:52]} exd5 {[%clk 00:53:05]} {[%emt
00:04:27]} 11. exd5 {[%clk 01:17:51]} {[%emt 00:08:04]} Qb6 {[%clk 00:47:01]}
{[%emt 00:06:33]} 12. b3 {[%clk 01:06:57]} {[%emt 00:11:25]} Bf5 {[%clk
00:45:23]} {[%emt 00:02:07]} 13. Kf1 {[%clk 01:05:32]} {[%emt 00:01:56]} Ne4
{[%clk 00:29:19]} {[%emt 00:16:34]} 14. Nxe4 {[%clk 01:05:08]} {[%emt
00:00:53]} Rxe4 {[%clk 00:29:29]} {[%emt 00:00:20]} 15. Nf3 {[%clk 01:01:34]}
{[%emt 00:04:06]} Bg4 {[%clk 00:24:22]} {[%emt 00:05:37]} 16. Qc2 {[%clk
00:40:47]} {[%emt 00:21:16]} Re8 {[%clk 00:24:01]} {[%emt 00:00:51]} 17. Bd3
{[%clk 00:31:42]} {[%emt 00:09:36]} Qc7 {[%clk 00:13:30]} {[%emt 00:11:01]} 18.
Bxg6 {[%clk 00:25:30]} {[%emt 00:06:41]} Bxa1 {[%clk 00:10:27]} {[%emt
00:03:33]} 19. Bh7+ {[%clk 00:15:36]} {[%emt 00:10:24]} Kf8 {[%clk 00:10:45]}
{[%emt 00:00:13]} 20. Bh6+ {[%clk 00:14:11]} {[%emt 00:01:56]} Bg7 {[%clk
00:10:32]} {[%emt 00:00:41]} 21. Bxg7+ {[%clk 00:10:23]} {[%emt 00:04:18]} Kxg7
{[%clk 00:10:57]} {[%emt 00:00:06]} 22. Qc3+ {[%clk 00:10:10]} {[%emt
00:00:43]} f6 {[%clk 00:09:59]} {[%emt 00:01:28]} 23. Bc2 {[%clk 00:09:48]}
{[%emt 00:00:52]} Qd8 {[%clk 00:03:24]} {[%emt 00:07:06]} 24. Ng5 {[%clk
00:08:26]} {[%emt 00:01:52]} Rh8 {[%clk 00:02:41]} {[%emt 00:01:11]} 25. Ne6+
{[%clk 00:04:21]} {[%emt 00:04:36]} Bxe6 {[%clk 00:02:58]} {[%emt 00:00:14]}
26. Qg3+ {[%clk 00:04:25]} {[%emt 00:00:25]} Kf7 {[%clk 00:02:40]} {[%emt
00:00:50]} 27. Qg6+ {[%clk 00:04:41]} {[%emt 00:00:14]} Ke7 {[%clk 00:02:17]}
{[%emt 00:00:52]} 28. Qg7+ {[%clk 00:04:59]} {[%emt 00:00:11]} Bf7 {[%clk
00:02:31]} {[%emt 00:00:17]} 29. Rxh8 {[%clk 00:05:08]} {[%emt 00:00:20]} Nd7
{[%clk 00:00:36]} {[%emt 00:02:25]} 30. Rxd8 {[%clk 00:05:26]} {[%emt
00:00:12]} Rxd8 {[%clk 00:01:00]} {[%emt 00:00:06]} 31. Bh7 {[%clk 00:03:28]}
{[%emt 00:02:28]} Ne5 {[%clk 00:00:57]} {[%emt 00:00:33]} 32. f4 {[%clk
00:03:26]} {[%emt 00:00:32]} Nd7 {[%clk 00:01:00]} {[%emt 00:00:27]} 33. Bg6
{[%clk 00:02:26]} {[%emt 00:01:30]} Rf8 {[%clk 00:01:04]} {[%emt 00:00:26]} 34.
g4 {[%clk 00:02:36]} {[%emt 00:00:20]} a6 {[%clk 00:01:03]} {[%emt 00:00:30]}
35. g5 {[%clk 00:02:43]} {[%emt 00:00:24]} b5 {[%clk 00:00:41]} {[%emt
00:00:51]} 36. Bf5 {[%clk 00:02:08]} {[%emt 00:01:05]} fxg5 {[%clk 00:00:46]}
{[%emt 00:00:26]} 37. Bxd7 {[%clk 00:01:51]} {[%emt 00:00:47]} 1-0

[Event "DVM U20 2023"]
[Site "Magdeburg GER"]
[Date "2023.12.29"]
[Round "6"]
[White "Bühring, Marwin"]
[Black "Schulter, Moritz"]
[Result "1-0"]
[Termination "normal"]
[Board "3.6"]
[WhiteElo "1427"]
[BlackElo "1594"]
[WhiteClock "00:22:26"]
[BlackClock "00:01:33"]
[WhiteTeam "SK König Plauen"]
[BlackTeam "ESV Gera"]
[PlyCount "102"]
[WhiteFideId "16281985"]
[BlackFideId "16245067"]
[EventCountry "GER"]
[EventRounds "7"]
[EventType "team-swiss"]
[EventDate "2023.12.26"]

1. e4 {[%clk 01:30:56]} {[%emt 00:00:05]} e6 {[%clk 01:30:54]} {[%emt
00:00:06]} 2. d4 {[%clk 01:31:11]} {[%emt 00:00:14]} d5 {[%clk 01:31:23]}
{[%emt 00:00:02]} 3. exd5 {[%clk 01:30:41]} {[%emt 00:00:59]} exd5 {[%clk
01:30:38]} {[%emt 00:01:15]} 4. Bd3 {[%clk 01:31:00]} {[%emt 00:00:11]} Bd6
{[%clk 01:31:05]} {[%emt 00:00:03]} 5. h3 {[%clk 01:31:15]} {[%emt 00:00:16]}
h6 {[%clk 01:29:45]} {[%emt 00:01:51]} 6. Nf3 {[%clk 01:31:35]} {[%emt
00:00:10]} Nc6 {[%clk 01:26:51]} {[%emt 00:03:24]} 7. Nc3 {[%clk 01:26:16]}
{[%emt 00:05:49]} Be6 {[%clk 01:18:25]} {[%emt 00:08:56]} 8. O-O {[%clk
01:25:36]} {[%emt 00:01:09]} a6 {[%clk 01:11:47]} {[%emt 00:07:08]} 9. a3
{[%clk 01:24:45]} {[%emt 00:01:23]} Nge7 {[%clk 01:11:01]} {[%emt 00:01:15]}
10. Ne2 {[%clk 01:20:35]} {[%emt 00:04:40]} O-O {[%clk 00:54:11]} {[%emt
00:17:21]} 11. Bf4 {[%clk 01:16:49]} {[%emt 00:04:15]} Ng6 {[%clk 00:51:14]}
{[%emt 00:03:28]} 12. Bxd6 {[%clk 01:14:33]} {[%emt 00:02:47]} Qxd6 {[%clk
00:51:42]} {[%emt 00:00:02]} 13. Qd2 {[%clk 01:11:14]} {[%emt 00:03:48]} Rac8
{[%clk 00:40:39]} {[%emt 00:11:33]} 14. c3 {[%clk 01:07:27]} {[%emt 00:04:18]}
Nce7 {[%clk 00:33:03]} {[%emt 00:08:06]} 15. b4 {[%clk 01:05:23]} {[%emt
00:02:35]} Bf5 {[%clk 00:27:02]} {[%emt 00:06:31]} 16. Ra2 {[%clk 01:01:37]}
{[%emt 00:04:16]} Bxd3 {[%clk 00:21:24]} {[%emt 00:06:08]} 17. Qxd3 {[%clk
01:02:02]} {[%emt 00:00:05]} b5 {[%clk 00:20:03]} {[%emt 00:01:52]} 18. a4
{[%clk 01:00:52]} {[%emt 00:01:39]} c6 {[%clk 00:19:18]} {[%emt 00:01:16]} 19.
Rfa1 {[%clk 00:58:27]} {[%emt 00:02:54]} Rc7 {[%clk 00:12:56]} {[%emt
00:06:52]} 20. Nd2 {[%clk 00:51:11]} {[%emt 00:07:46]} Nc8 {[%clk 00:09:48]}
{[%emt 00:03:38]} 21. axb5 {[%clk 00:44:18]} {[%emt 00:07:23]} axb5 {[%clk
00:10:17]} {[%emt 00:00:01]} 22. Ra6 {[%clk 00:44:24]} {[%emt 00:00:24]} Nf4
{[%clk 00:03:52]} {[%emt 00:06:51]} 23. Nxf4 {[%clk 00:32:36]} {[%emt
00:12:22]} Qxf4 {[%clk 00:04:21]} {[%emt 00:00:01]} 24. Nb3 {[%clk 00:32:35]}
{[%emt 00:00:31]} Ne7 {[%clk 00:02:55]} {[%emt 00:01:56]} 25. Rb6 {[%clk
00:30:00]} {[%emt 00:03:06]} Qf5 {[%clk 00:01:43]} {[%emt 00:01:43]} 26. Qd2
{[%clk 00:27:27]} {[%emt 00:03:01]} Qd7 {[%clk 00:00:47]} {[%emt 00:01:26]} 27.
Qf4 {[%clk 00:25:42]} {[%emt 00:02:15]} Ng6 {[%clk 00:01:06]} {[%emt 00:00:13]}
28. Qf3 {[%clk 00:24:34]} {[%emt 00:01:37]} f5 {[%clk 00:00:34]} {[%emt
00:01:02]} 29. Qg3 {[%clk 00:21:06]} {[%emt 00:03:58]} Rf6 {[%clk 00:00:38]}
{[%emt 00:00:24]} 30. Nc5 {[%clk 00:21:10]} {[%emt 00:00:26]} Qd6 {[%clk
00:00:40]} {[%emt 00:00:28]} 31. Qxd6 Rxd6 {[%clk 00:01:09]} 32. Re1 {[%clk
00:20:08]} {[%emt 00:01:26]} Kf7 {[%clk 00:01:21]} {[%emt 00:00:19]} 33. g3
{[%clk 00:18:54]} {[%emt 00:01:44]} Ne7 {[%clk 00:01:13]} {[%emt 00:00:37]} 34.
Ra6 {[%clk 00:17:01]} {[%emt 00:02:24]} Nc8 {[%clk 00:00:32]} {[%emt 00:01:10]}
35. Nd3 {[%clk 00:16:51]} {[%emt 00:00:40]} Ra7 {[%clk 00:00:34]} {[%emt
00:00:28]} 36. Rxa7+ {[%clk 00:16:10]} {[%emt 00:01:11]} Nxa7 {[%clk 00:01:02]}
{[%emt 00:00:01]} 37. Ne5+ {[%clk 00:16:30]} {[%emt 00:00:11]} Kf6 {[%clk
00:00:39]} {[%emt 00:00:53]} 38. Kg2 {[%clk 00:16:19]} {[%emt 00:00:41]} Nc8
{[%clk 00:00:37]} {[%emt 00:00:32]} 39. Ra1 {[%clk 00:15:14]} {[%emt 00:01:35]}
Ne7 {[%clk 00:00:34]} {[%emt 00:00:34]} 40. Ra7 {[%clk 00:15:31]} {[%emt
00:00:12]} Ng6 {[%clk 00:30:30]} {[%emt 00:00:34]} 41. f4 {[%clk 00:44:39]}
{[%emt 00:01:23]} Ne7 {[%clk 00:18:45]} {[%emt 00:12:16]} 42. Ra8 {[%clk
00:41:00]} {[%emt 00:04:09]} Ng6 {[%clk 00:10:29]} {[%emt 00:08:47]} 43. Rc8
{[%clk 00:38:36]} {[%emt 00:02:53]} Ke6 {[%clk 00:08:29]} {[%emt 00:02:31]} 44.
Rxc6 {[%clk 00:37:18]} {[%emt 00:01:47]} Rxc6 {[%clk 00:07:33]} {[%emt
00:01:26]} 45. Nxc6 {[%clk 00:37:42]} {[%emt 00:00:05]} Ne7 {[%clk 00:04:09]}
{[%emt 00:03:55]} 46. Na7 {[%clk 00:28:41]} {[%emt 00:09:30]} Kd6 {[%clk
00:03:31]} {[%emt 00:01:09]} 47. Nxb5+ {[%clk 00:28:11]} {[%emt 00:01:00]} Kc6
{[%clk 00:03:58]} {[%emt 00:00:04]} 48. Na3 {[%clk 00:28:04]} {[%emt 00:00:37]}
g5 {[%clk 00:03:19]} {[%emt 00:01:10]} 49. Kf3 {[%clk 00:23:09]} {[%emt
00:05:26]} Ng6 {[%clk 00:02:50]} {[%emt 00:00:58]} 50. Nc2 {[%clk 00:22:10]}
{[%emt 00:01:29]} Kb5 {[%clk 00:01:38]} {[%emt 00:01:42]} 51. Ne3 {[%clk
00:22:26]} {[%emt 00:00:14]} Ne7 {[%clk 00:01:33]} {[%emt 00:00:35]} *

[Event "DVM U20 2023"]
[Site "Magdeburg GER"]
[Date "2023.12.29"]
[Round "6"]
[White "Bethke, Richard"]
[Black "Kanzow, Alexander"]
[Result "1-0"]
[Termination "normal"]
[Board "4.1"]
[WhiteTitle "FM"]
[WhiteElo "2354"]
[BlackElo "1839"]
[WhiteClock "00:58:52"]
[BlackClock "00:18:33"]
[WhiteTeam "SF Neuberg"]
[BlackTeam "KSV Rochade Göttingen (Veltheim)"]
[PlyCount "97"]
[WhiteFideId "12959243"]
[BlackFideId "16225414"]
[EventCountry "GER"]
[EventRounds "7"]
[EventType "team-swiss"]
[EventDate "2023.12.26"]

1. e4 {[%clk 01:30:58]} {[%emt 00:00:01]} c5 {[%clk 01:30:48]} {[%emt
00:00:14]} 2. Nf3 {[%clk 01:31:25]} {[%emt 00:00:02]} e6 {[%clk 01:30:51]}
{[%emt 00:00:26]} 3. d4 {[%clk 01:31:52]} {[%emt 00:00:03]} cxd4 {[%clk
01:31:13]} {[%emt 00:00:09]} 4. Nxd4 {[%clk 01:32:19]} {[%emt 00:00:03]} a6
{[%clk 01:31:31]} {[%emt 00:00:12]} 5. Bd3 {[%clk 01:32:44]} {[%emt 00:00:05]}
Bc5 {[%clk 01:31:53]} {[%emt 00:00:09]} 6. Nb3 {[%clk 01:33:09]} {[%emt
00:00:04]} Ba7 {[%clk 01:31:59]} {[%emt 00:00:25]} 7. Qe2 {[%clk 01:32:51]}
{[%emt 00:00:48]} d6 {[%clk 01:31:08]} {[%emt 00:01:21]} 8. Be3 {[%clk
01:32:41]} {[%emt 00:00:40]} Nc6 {[%clk 01:30:26]} {[%emt 00:01:12]} 9. Nc3
{[%clk 01:32:15]} {[%emt 00:00:55]} Nf6 {[%clk 01:30:11]} {[%emt 00:00:45]} 10.
a4 {[%clk 01:30:52]} {[%emt 00:01:54]} Bxe3 {[%clk 01:29:39]} {[%emt 00:01:02]}
11. Qxe3 {[%clk 01:31:14]} {[%emt 00:00:09]} b6 {[%clk 01:29:47]} {[%emt
00:00:21]} 12. O-O {[%clk 01:31:03]} {[%emt 00:00:40]} O-O {[%clk 01:29:14]}
{[%emt 00:01:04]} 13. Rfd1 {[%clk 01:31:26]} {[%emt 00:00:06]} Qc7 {[%clk
01:27:59]} {[%emt 00:01:45]} 14. Rd2 {[%clk 01:29:10]} {[%emt 00:02:46]} Rd8
{[%clk 01:26:16]} {[%emt 00:02:13]} 15. Rad1 {[%clk 01:29:08]} {[%emt
00:00:32]} Bb7 {[%clk 01:24:23]} {[%emt 00:02:23]} 16. Be2 {[%clk 01:28:43]}
{[%emt 00:00:55]} Ne7 {[%clk 01:19:10]} {[%emt 00:05:44]} 17. Nd4 {[%clk
01:22:09]} {[%emt 00:07:03]} e5 {[%clk 01:13:44]} {[%emt 00:05:57]} 18. Nf3
{[%clk 01:21:16]} {[%emt 00:01:22]} Ng6 {[%clk 01:13:39]} {[%emt 00:00:35]} 19.
g3 {[%clk 01:20:58]} {[%emt 00:00:48]} Rd7 {[%clk 01:10:09]} {[%emt 00:04:00]}
20. Bf1 {[%clk 01:19:43]} {[%emt 00:01:45]} Rad8 {[%clk 01:09:25]} {[%emt
00:01:14]} 21. h4 {[%clk 01:19:23]} {[%emt 00:00:48]} h6 {[%clk 00:56:01]}
{[%emt 00:13:55]} 22. Rd3 {[%clk 01:12:04]} {[%emt 00:07:49]} d5 {[%clk
00:48:24]} {[%emt 00:08:07]} 23. exd5 {[%clk 01:11:10]} {[%emt 00:01:25]} Nxd5
{[%clk 00:47:47]} {[%emt 00:01:06]} 24. Nxd5 {[%clk 01:10:59]} {[%emt
00:00:41]} Rxd5 {[%clk 00:47:38]} {[%emt 00:00:40]} 25. h5 {[%clk 01:07:09]}
{[%emt 00:04:19]} Rxd3 {[%clk 00:47:23]} {[%emt 00:00:45]} 26. Rxd3 {[%clk
01:05:05]} {[%emt 00:02:35]} Nf8 {[%clk 00:30:19]} {[%emt 00:17:33]} 27. Rxd8
{[%clk 01:01:45]} {[%emt 00:03:50]} Qxd8 {[%clk 00:30:37]} {[%emt 00:00:11]}
28. Nxe5 {[%clk 01:02:09]} {[%emt 00:00:07]} Qd5 {[%clk 00:30:19]} {[%emt
00:00:48]} 29. f3 {[%clk 01:02:32]} {[%emt 00:00:06]} Ne6 {[%clk 00:29:14]}
{[%emt 00:01:35]} 30. Kf2 {[%clk 01:01:45]} {[%emt 00:01:18]} Qc5 {[%clk
00:23:16]} {[%emt 00:06:28]} 31. Bc4 {[%clk 01:00:21]} {[%emt 00:01:54]} Qxe3+
{[%clk 00:20:40]} {[%emt 00:03:06]} 32. Kxe3 {[%clk 01:00:45]} {[%emt
00:00:05]} Bc8 {[%clk 00:20:37]} {[%emt 00:00:34]} 33. Bd5 {[%clk 00:58:41]}
{[%emt 00:02:33]} Kf8 {[%clk 00:20:30]} {[%emt 00:00:37]} 34. Nc4 {[%clk
00:59:00]} {[%emt 00:00:11]} b5 {[%clk 00:18:41]} {[%emt 00:02:19]} 35. Nb6
{[%clk 00:58:49]} {[%emt 00:00:41]} Nc7 {[%clk 00:18:24]} {[%emt 00:00:47]} 36.
Bxf7 {[%clk 00:58:44]} {[%emt 00:00:36]} Kxf7 {[%clk 00:18:37]} {[%emt
00:00:17]} 37. Nxc8 {[%clk 00:59:03]} {[%emt 00:00:11]} bxa4 {[%clk 00:17:50]}
{[%emt 00:01:16]} 38. Nb6 {[%clk 00:59:27]} {[%emt 00:00:06]} a3 {[%clk
00:17:33]} {[%emt 00:00:48]} 39. bxa3 {[%clk 00:59:53]} {[%emt 00:00:04]} Kf6
{[%clk 00:17:30]} {[%emt 00:00:30]} 40. c4 {[%clk 00:59:40]} {[%emt 00:00:45]}
Ke5 {[%clk 00:17:12]} {[%emt 00:00:48]} 41. Nd5 {[%clk 00:58:15]} {[%emt
00:01:55]} Ne6 {[%clk 00:17:18]} {[%emt 00:00:25]} 42. Nb4 {[%clk 00:58:14]}
{[%emt 00:00:30]} Nc7 {[%clk 00:17:23]} {[%emt 00:00:26]} 43. Nd3+ {[%clk
00:58:35]} {[%emt 00:00:09]} Kd6 {[%clk 00:17:44]} {[%emt 00:00:07]} 44. Ke4
{[%clk 00:58:43]} {[%emt 00:00:23]} Ne6 {[%clk 00:17:48]} {[%emt 00:00:26]} 45.
Kf5 {[%clk 00:58:34]} {[%emt 00:00:38]} Nf8 {[%clk 00:17:51]} {[%emt 00:00:28]}
46. g4 {[%clk 00:58:16]} {[%emt 00:00:48]} a5 {[%clk 00:18:13]} {[%emt
00:00:09]} 47. f4 {[%clk 00:58:40]} {[%emt 00:00:05]} a4 {[%clk 00:18:17]}
{[%emt 00:00:26]} 48. g5 {[%clk 00:58:33]} {[%emt 00:00:37]} Ke7 {[%clk
00:18:33]} {[%emt 00:00:15]} 49. Nc5 {[%clk 00:58:52]} {[%emt 00:00:09]} 1-0